English Islands to Counties — Click Quiz - Statistics

General Stats
  • This quiz has been taken 692 times
    451 since last reset
  • The average score is 7 of 17
Answer Stats
Hint Answer % Correct
Lindisfarne / Holy Island Northumberland
75%
Tresco Cornwall
67%
St Michael's Mount Cornwall
65%
Canvey Island Essex
61%
Eel Pie Island Greater London
53%
Isle of Sheppey Kent
51%
Portsea Island Hampshire
47%
Lundy Devon
37%
Mersea Island Essex
36%
Hayling Island Hampshire
35%
Brownsea Island Dorset
32%
Spurn East Yorkshire
26%
Foulness Island Essex
24%
Walney Island Cumbria
18%
Burgh Island Devon
18%
Havergate Island Suffolk
17%
Thorney Island West Sussex
14%
No matching quizzes found
Score Distribution
Percent of People with Each Score
Percentile by Number Answered
Your Score History
You have not taken this quiz since the last reset